BIBLIOTECA

SENCICO

Perspectiva básica : para dibujantes y proyectistas (Registro nro. 2442)

Detalles MARC
000 -LEADER
fixed length control field 00411nam a2200181Ia 4500
005 - DATE AND TIME OF LATEST TRANSACTION
control field 20251020182542.0
008 - FIXED-LENGTH DATA ELEMENTS--GENERAL INFORMATION
fixed length control field 200515s9999 xx 000 0 und d
082 ## - DEWEY DECIMAL CLASSIFICATION NUMBER
Classification number 742/E24
110 ## - MAIN ENTRY--CORPORATE NAME
Corporate name or jurisdiction name as entry element AFHA
245 #0 - TITLE STATEMENT
Title Perspectiva básica : para dibujantes y proyectistas
260 ## - PUBLICATION, DISTRIBUTION, ETC.
Place of publication, distribution, etc. Barcelona
260 ## - PUBLICATION, DISTRIBUTION, ETC.
Date of publication, distribution, etc. 1976
300 ## - PHYSICAL DESCRIPTION
Extent 139
500 ## - GENERAL NOTE
General note 1 ejemplar
650 ## - SUBJECT ADDED ENTRY--TOPICAL TERM
Topical term or geographic name entry element LIB
650 ## - SUBJECT ADDED ENTRY--TOPICAL TERM
Topical term or geographic name entry element PERSPECTIVA
942 ## - ADDED ENTRY ELEMENTS (KOHA)
Koha item type Libros
Existencias
Fecha de la última vez que lo usaron Pago total Signatura topográfica completa Código de barras Precio efectivo desde Tipo de documento Estado perdido Estado dañado No es para préstamo Retirado Ubicación permanente Ubicación actual Fecha de adquisición
15/05/2020   742/E24 Bib-Lima15052442 15/05/2020 Libros         Biblioteca Central Lima Biblioteca Central Lima 15/05/2020